| 000 | 01012cam a2200265 i 4500 | ||
|---|---|---|---|
| 003 | SA-RiAUC | ||
| 005 | 20250420131030.0 | ||
| 008 | 241120s2007 le g 000r0 ara c | ||
| 020 | _a9953814163 | ||
| 040 |
_aSA-RiIMS _bara _cSA-RiAUC _erda |
||
| 082 | 0 | 4 |
_a251.15 _qSA-RiAUC |
| 090 |
_a251.15 _bر ي س |
||
| 100 | 1 |
_aالريسوني، قطب، _d1973- _eمؤلف. |
|
| 245 | 1 | 2 |
_aالاجتهاد القضائي المعاصر : _bضرورته ووسائل النهوض به / _cقطب الريسوني. |
| 250 | _aالطبعة الأولى. | ||
| 264 | 1 |
_aبيروت : _bدار ابن حزم للطباعة والنشر والتوزيع، _c2007 |
|
| 300 |
_a62 صفحة ؛ _c24 سم. |
||
| 336 |
_aنص _btxt _2rdacontent _3كتاب |
||
| 337 |
_aبدون وسيط _bn _2rdamedia |
||
| 338 |
_aمجلد _bnc _2rdacarrier |
||
| 490 | 0 |
_aسلسلة فقه القضاء ؛ _v1 |
|
| 650 | 7 |
_aالاجتهاد (أصول فقه) _2aucsh |
|
| 942 |
_2ddc _cBOOK _n0 |
||
| 949 |
_aSA-JeALM _d241120 _umohamedma123 _n1 |
||
| 999 |
_c7222 _d7222 |
||